000 00915nas a2200277 4500
001 BR2015001041
003 BR-BrBNA
005 20231205125115.0
007 ta
008 230509b bl.|||p| |||| 00| 00por d
040 _aBR-BrBNA
_bpor
_cBiblioteca Nacional de Agricultura
041 _a(Pt)
072 _aQ02; U10
100 1 _aCorrêa, P.C.
100 1 _aRibeiro, D.M.
100 1 _aResende, O.
100 1 _aBotelho, F.M.
245 1 _aDeterminação e modelagem das propriedades físicas e da contração volumétrica do trigo, durante a secagem
650 _aTRITICUM AESTIVUM
650 _aTECNOLOGIA DE ALIMENTO
650 _aPOROSIDADE
650 _aMODELO DE SIMULAÇÃO
773 0 _tRevista Brasileira de Engenharia Agrícola e Ambiental (Brasil)
_xISSN 1415-4366
_g(Jul-Sep 2006), v. 10(3) p. 665-670
_wBR2015001041
909 _a202311
_bLúcia
_c55
_dLúcia Elande
942 _2AGRIS
_n0
_cANA
999 _c242666
_d242666